000 00857nam a22003137a 4500
001 BR0703070
003 BR-BrBNA
005 20230928102448.0
007 ta
008 230509b bl.||||| |||| 00| 0 por d
040 _aBR-BrBNA
_bpor
_cBiblioteca Nacional de Agricultura
041 _a(Eng)
072 _aL73
_b5120
090 _ 5120 BR0703070
100 1 _aBicout, D.J.
100 1 _aCarvalho, R.
100 1 _aChalvet-Monfray, K.
100 1 _aSabatier, P.
245 1 _aDistribution of equine infectious anemia in horses in the north of Minas Gerais state, Brazil
_bJ Vet Diagn Invest, no. 18
260 3 _anp:
_c2006.
300 _ap. 479-482
500 _aSummary (Eng); 7 ref.
650 _aCAVALO
650 _aANEMIA
650 _aINFECÇÃO
650 _aMINAS GERAIS
909 _a202309
_bLucia
_c55
_dLucia Elande
942 _cBK
999 _c70885
_d70885